Countries elzasezra has visited Quiz Stats

 Plays Quiz not verified by Sporcle

Challenge
Share
Tweet
Embed
Score 0/37 Timer 10:00
0 Plays Today
Hint Country % Correct
Loves the food in..United States
91.2%
Ate lots of cheese in...France
83.8%
Studied in...United Kingdom
79.4%
Proposed to his wife in...Canada
77.9%
Got lost in...Germany
77.9%
Went shopping in...Italy
76.5%
Had his bachelor party in...Spain
73.5%
Had a stopover in...Norway
72.1%
Drank cheap beer in...Poland
72.1%
Lives in...Switzerland
70.6%
Went to a soccer match in...Sweden
70.6%
Got a culture shock in...China
70.6%
Had a jetlag in...Australia
70.6%
Saw the pope in...Vatican City
69.1%
Had lots of chocolate in...Belgium
67.6%
Ate vegetarian in...India
67.6%
Took a boattour in...Portugal
67.6%
Crossed bridges in...Luxembourg
66.2%
Visited islands in...Greece
66.2%
Hint Country % Correct
Went skydiving in...New Zealand
66.2%
Born in...Netherlands
64.7%
Flew for a sunday to...Czechia
63.2%
Got dehydrated in...Egypt
63.2%
Saw 3 waterfalls in...Iceland
61.8%
Went to a casino in...Monaco
61.8%
Saw world's oldest mine in...eSwatini
60%
Ate falafel in...Israel
58.8%
Climbed the mountain in...Liechtenstein
57.4%
Was amazed by...Hungary
55.9%
Favourite holiday destination...South Africa
54.4%
Visited the market in...Morocco
54.4%
Did a Victoria Falls tour in...Zambia
54.4%
Got bored in...San Marino
52.9%
Did a Victoria Falls tour in...Zimbabwe
52.9%
Swam with dolphins in...Bahamas
45.6%
Accidentally entered..Palestine
39.7%
Climbed a volcano in...Costa Rica
38.2%

You're not logged in!

Compare scores with friends on all Sporcle quizzes.
OR
Log In

You Might Also Like...

Show Comments

Extras

Created Oct 17, 2017ReportNominate
Tags:Country Quiz, lifetime, visited

Top Quizzes Today


Score Distribution

Your Account Isn't Verified!

In order to create a playlist on Sporcle, you need to verify the email address you used during registration. Go to your Sporcle Settings to finish the process.

Report this User

Report this user for behavior that violates our Community Guidelines.

Details: